Alle Länder des Mongolischen Reiches um 1259 - Statistiken

Allgemein
  • Dieses Quiz wurde 31 mal gespielt
  • Das Durchschnittsergebnis liegt bei 21 aus 26
Antwortstatistiken
Antwort % Korrekt
China
100%
Russland
100%
Mongolei
97%
Türkei
97%
Afghanistan
93%
Iran
93%
Kirgisistan
93%
Pakistan
93%
Turkmenistan
93%
Usbekistan
93%
Irak
90%
Kasachstan
90%
Nordkorea
90%
Südkorea
90%
Tadschikistan
90%
Indien
86%
Ukraine
86%
Syrien
83%
Armenien
79%
Aserbaidschan
79%
Georgien
79%
Rumänien
76%
Bulgarien
59%
Vietnam
59%
Ungarn
45%
Burma
10%
Keine übereinstimmenden Quizze gefunden
Verteilung der Resultate
Anzahl Personen mit jedem Resultat
Perzentil nach korrekt beantworteten Fragen
Ihre Resultats-Entwicklung
Sie haben dieses Quiz noch nicht gespielt